000
00315nam a22001337a 4500
008
180208b xxu||||| |||| 00| 0 eng d
020
_a
9780949757937
041
_a
eng
080
_a
030
100
_a
23
101
_a
ENC
245
_a
The macquarie encyclopedia of australian events
_c
Fraser,B
942
_2
udc
_c
BK
999
_c
42077
_d
42077